000
00372nam a2200169Ia 4500
005
20250423100606.0
008
250422s9999 xx 000 0 und d
020
_a
0-02-833242-3
050
_a
QA 107 .B69/
100
_a
Candy J. Boyd
245
0
_a
Pre-Algebra
260
_b
McGraw-Hill
260
_c
1995
300
_a
843 p
650
_a
Mathematics
942
_c
BK
999
_c
33769
_d
33769